000 00597nam a2200229 i 4500
001 146625
003 ES-MaACL
005 20250817071106.0
007 t|
008 070913s1961 sp ||||1| spa d
080 _a241.513
080 _a248
100 1 _aTreviño, J. G.
_9111350
245 1 0 _aSenderos de amor /
_cJ.G. Treviño.
250 _a1ª ed. española.
260 _aMadrid :
_bStudium,
_c[1961]
300 _a137 p. ;
_c19 cm.
650 4 _aVida espiritual.
_912505
650 1 7 _aCaridad
_2embne
_910780
852 _aES-MaACL
_jF-14070
_bR.48081
999 _c146625
_d146625